Je málo peněz, nebo kapitálu?
Ciele menovej politiky ČR. Možnosti Českej národnej banky. Množstvo peňazí v ekonomike a kúpna sila. Problém štruktúry peňazí. Príliš jednoduché peňažné vzťahy na peňažnom trhu v ČR. Uvoľnenie a rozšírenie ponuky úverových peňazí.
Gespeichert in:
| 1. Verfasser: | |
|---|---|
| Format: | Buchkapitel |
| Sprache: | Tschechisch |
| Schlagworte: | |
| Tags: |
Keine Tags, Fügen Sie das erste Tag hinzu!
|
MARC
| LEADER | 00000naa a2200000 4500 | ||
|---|---|---|---|
| 001 | r013018 | ||
| 005 | 20221213081920.8 | ||
| 041 | 0 | |a cze | |
| 044 | |a CZ | ||
| 245 | 1 | 0 | |a Je málo peněz, nebo kapitálu? |c František Vencovský |
| 520 | |a Ciele menovej politiky ČR. Možnosti Českej národnej banky. Množstvo peňazí v ekonomike a kúpna sila. Problém štruktúry peňazí. Príliš jednoduché peňažné vzťahy na peňažnom trhu v ČR. Uvoľnenie a rozšírenie ponuky úverových peňazí. | ||
| 610 | 2 | 0 | |a politika menová |
| 610 | 2 | 0 | |a Čechy |
| 610 | 2 | 0 | |a banky |
| 610 | 2 | 0 | |a sila kúpna peňazí |
| 610 | 2 | 0 | |a trh peňažný |
| 610 | 2 | 0 | |a peniaze |
| 100 | 1 | |a Vencovský, František | |